1468 1063 1424 1833 1570 1433 1782 1108 1833 1427 1745 1588 1446 1846 1359 1420 1706 1422 1736 1978 1323 1219 1546 1061 1121 1269 1690 1276 1764 1064 1264 1951 1969 1099 1628 1009 1488 1055 1557 1413 1606 1544 1538 1431 1943 1426 1981 1176 1750 1653 1354 1327 1891 1877 1499 1125 1971 1400 1490 1812 1327 1640 1615 1256 1093 1741 1571 1289 1451 1909 1455 1055 1703 1935 1287 1626 1985 1922 1082 1963 1087 1622 1771 1120 1076 1171 1061 1956 1683 1957 1637 1583 1848 1219 1684 1104 1885 1430 1637 BCNSPRNW ULIB Ver.6.0+V

เปลี่ยนเป็นภาษาไทย

Change to English
 แสดงรายละเอียดบรรณานุกรม
  กลับหน้าหลัก

Brief Record : Get Marc (ISO 2709) : E-mail record : QR code < ปิดหน้าต่าง
LEADER : 00000nam 2200000uu 4500
001    13399111400
003     ULIB
008    110623s||||||||th 000 0 tha d
050  4 BQ988^bป373 2548
245 00 พระพรมงคลเทพมุนี (สด จนฺทสโร) มหาปูชนียาจารย์
246 14 พระมงคลเทพมุนี
300    80 หน้า :^bภาพประกอบสี .
650  7 การฝึกจิต
650  7 ชีวประวัติ
650  7 สงฆ์^zไทย^vชีวประวัติ
650  7 สมาธิ
710 2  วัดปากน้ำ (ภาษีเจริญ)
945    ^p0^l0^i021916
995    ทศพร
999 ^a ใช้งานได้ทุกระบบ
รายการนี้ยังไม่มีแท็ก
คุณยังไม่ได้ล็อกอิน คุณสามารถมีกิจกรรมร่วมกับเว็บไซต์ได้ แต่ต้องล็อกอินก่อน ::
  ล็อกอิน

รายการสื่อสารสนเทศ

ลำดับที่ ประเภท เลขเรียก/บาร์โค้ด สถานที่ สถานะ
- ไม่พบข้อมูล -

รายการใกล้เคียง
    หัวเรื่อง [ชีวประวัติ]
    หัวเรื่อง [สมาธิ]

BibComment


ยังไม่เคยถูกคอมเมนท์

คอมเมนท์ทรัพยากรรายการนี้
  คอมเมนท์: พระพรมงคลเทพมุนี ..


 Copyright 2026. Bcnsprnw @Library